First Impressions

Αποθηκεύτηκε σε:
Λεπτομέρειες βιβλιογραφικής εγγραφής
Κύριος συγγραφέας: Eckstut-Didier, Samuela
Άλλοι συγγραφείς: Lubelska, Diana, Parker, Sue
Μορφή: Βιβλίο
Γλώσσα:English
Δημοσίευση: England : Longman, 1992
Έκδοση:6th ed.
Θέματα:
Ετικέτες: Προσθήκη ετικέτας
Δεν υπάρχουν, Καταχωρήστε ετικέτα πρώτοι!

MARC

LEADER 00000nam a2200000 i 4500
001 1/20975
008 930901s1992 eng d
020 |a 0-582-79110-3 
035 |l 10021640 
040 |a GR-MY-UA  |b gre  |e aacr 
041 0 |a eng 
082 0 |a 428.24 
100 1 |a Eckstut-Didier, Samuela. 
245 1 0 |a First Impressions /  |c Samuela Eckstut, Diana Lubelska, Sue Parker 
250 |a 6th ed. 
260 |a England :   |b Longman,   |c 1992 
300 |a 24cm 
650 0 0 |a English language  |v Textbooks for foreign speakers. 
700 1 |a Lubelska, Diana. 
700 1 |a Parker, Sue. 
852 |a INST  |b CHIOS  |e 19930901  |h 428.24 ECK  |p 005200002114  |q 005200002114  |t BK  |y 0 
909 |a Χ  |b 024894